000 00362nam a2200133Ia 4500
008 151001s9999||||xx |||||||||||||| ||und||
100 _aहरगुलाल
245 _aअष्टछाप कवी और उनकी
250 _a1
260 _bप्रकाशन विभाग
260 _c2001
300 _a133
365 _b21
999 _c982836
_d982833